<?xml version="1.0" encoding="UTF-8"?>
<collection xmlns="http://www.loc.gov/MARC21/slim">
<record>
  <controlfield tag="001">130946</controlfield>
  <controlfield tag="005">20260113221442.0</controlfield>
  <datafield tag="024" ind1="8" ind2=" ">
    <subfield code="2">sideral</subfield>
    <subfield code="a">67183</subfield>
  </datafield>
  <datafield tag="037" ind1=" " ind2=" ">
    <subfield code="a">ART-2011-67183</subfield>
  </datafield>
  <datafield tag="041" ind1=" " ind2=" ">
    <subfield code="a">eng</subfield>
  </datafield>
  <datafield tag="100" ind1=" " ind2=" ">
    <subfield code="a">Fernández, Marisa</subfield>
  </datafield>
  <datafield tag="245" ind1=" " ind2=" ">
    <subfield code="a">Strong  Kähler with torsion structures from almost contact manifolds</subfield>
  </datafield>
  <datafield tag="260" ind1=" " ind2=" ">
    <subfield code="c">2011</subfield>
  </datafield>
  <datafield tag="506" ind1="0" ind2=" ">
    <subfield code="a">Access copy available to the general public</subfield>
    <subfield code="f">Unrestricted</subfield>
  </datafield>
  <datafield tag="520" ind1="3" ind2=" ">
    <subfield code="a">For an almost contact metric manifold N , we find conditions for which either the total space of an S1-bundle over N or the Riemannian cone over N admits a strong K ̈ahler with torsion (SKT) structure. In this way we construct new 6-dimensional SKT manifolds. Moreover, we study the geometric structure induced on a hypersurface of an SKT manifold, and use such structures to construct new SKT manifolds via appropriate evolution equations. Hyper-K ̈ahler with torsion (HKT) structures on the total space of an S1-bundle over manifolds with three almost contact structures are also studied.</subfield>
  </datafield>
  <datafield tag="536" ind1=" " ind2=" ">
    <subfield code="9">info:eu-repo/grantAgreement/ES/MICINN/MTM2008-06540-C02-01</subfield>
    <subfield code="9">info:eu-repo/grantAgreement/ES/MICINN/MTM2008-06540-C02-02</subfield>
  </datafield>
  <datafield tag="540" ind1=" " ind2=" ">
    <subfield code="9">info:eu-repo/semantics/openAccess</subfield>
    <subfield code="a">by</subfield>
    <subfield code="u">https://creativecommons.org/licenses/by/4.0/deed.es</subfield>
  </datafield>
  <datafield tag="590" ind1=" " ind2=" ">
    <subfield code="a">0.626</subfield>
    <subfield code="b">2011</subfield>
  </datafield>
  <datafield tag="591" ind1=" " ind2=" ">
    <subfield code="a">MATHEMATICS</subfield>
    <subfield code="b">120 / 289 = 0.415</subfield>
    <subfield code="c">2011</subfield>
    <subfield code="d">Q2</subfield>
    <subfield code="e">T2</subfield>
  </datafield>
  <datafield tag="655" ind1=" " ind2="4">
    <subfield code="a">info:eu-repo/semantics/article</subfield>
    <subfield code="v">info:eu-repo/semantics/acceptedVersion</subfield>
  </datafield>
  <datafield tag="700" ind1=" " ind2=" ">
    <subfield code="a">Fino, Anna</subfield>
  </datafield>
  <datafield tag="700" ind1=" " ind2=" ">
    <subfield code="a">Ugarte, Luis</subfield>
    <subfield code="u">Universidad de Zaragoza</subfield>
    <subfield code="0">(orcid)0000-0003-2207-8653</subfield>
  </datafield>
  <datafield tag="700" ind1=" " ind2=" ">
    <subfield code="a">Villacampa, Raquel</subfield>
    <subfield code="0">(orcid)0000-0001-6790-7342</subfield>
  </datafield>
  <datafield tag="710" ind1="2" ind2=" ">
    <subfield code="1">2006</subfield>
    <subfield code="2">440</subfield>
    <subfield code="a">Universidad de Zaragoza</subfield>
    <subfield code="b">Dpto. Matemáticas</subfield>
    <subfield code="c">Área Geometría y Topología</subfield>
  </datafield>
  <datafield tag="773" ind1=" " ind2=" ">
    <subfield code="g">249, 1 (2011), 49-75</subfield>
    <subfield code="p">Pac. j. math.</subfield>
    <subfield code="t">PACIFIC JOURNAL OF MATHEMATICS</subfield>
    <subfield code="x">0030-8730</subfield>
  </datafield>
  <datafield tag="856" ind1="4" ind2=" ">
    <subfield code="s">343645</subfield>
    <subfield code="u">http://zaguan.unizar.es/record/130946/files/texto_completo.pdf</subfield>
    <subfield code="y">Postprint</subfield>
  </datafield>
  <datafield tag="856" ind1="4" ind2=" ">
    <subfield code="s">1556459</subfield>
    <subfield code="u">http://zaguan.unizar.es/record/130946/files/texto_completo.jpg?subformat=icon</subfield>
    <subfield code="x">icon</subfield>
    <subfield code="y">Postprint</subfield>
  </datafield>
  <datafield tag="909" ind1="C" ind2="O">
    <subfield code="o">oai:zaguan.unizar.es:130946</subfield>
    <subfield code="p">articulos</subfield>
    <subfield code="p">driver</subfield>
  </datafield>
  <datafield tag="951" ind1=" " ind2=" ">
    <subfield code="a">2026-01-13-22:10:25</subfield>
  </datafield>
  <datafield tag="980" ind1=" " ind2=" ">
    <subfield code="a">ARTICLE</subfield>
  </datafield>
</record>
</collection>